| 000 | 00675nam a2200229Ia 4500 | ||
|---|---|---|---|
| 003 | OSt | ||
| 005 | 20230410164824.0 | ||
| 008 | 210423s2019 xx 000 0 und d | ||
| 020 | _a978-1-5063-8764-6 | ||
| 040 | _cAL | ||
| 041 | _aeng | ||
| 082 |
_a614.15 _223 _bBARI |
||
| 100 |
_aBARTOL (Curt R);BARTOL (Anne M) _985747 |
||
| 245 | _aIntroduction to forensic psychology: research and application Ed 5 | ||
| 250 | _a5 | ||
| 260 |
_aCalifornia _bSage Publications _c2019 |
||
| 300 |
_axxvi,532,123 _bPB |
||
| 365 |
_b9512.5 _cUSD |
||
| 650 |
_aForensic Medicine _985748 |
||
| 906 | _aapplication ; forensic ; Introduction ; psychology: ; research | ||
| 942 |
_2ddc _cBK |
||
| 999 |
_c169615 _d169615 |
||